[Event "Hoogeveen Open 2016"]
[Site "Hoogeveen"]
[Date "2016.10.16"]
[Round "2.2"]
[White "Slingerland, Fred"]
[Black "Sandipan, Chanda"]
[Result "1/2-1/2"]
[BlackElo "2593"]
[WhiteElo "2344"]
[LiveChessVersion "1.4.8"]

1. e4 {[%clk 1:30:57]} c5 {[%clk 1:30:50]} 2. Nf3 {[%clk 1:31:23]} d6
{[%clk 1:31:10]} 3. d4 {[%clk 1:31:48]} cxd4 {[%clk 1:31:31]} 4. Nxd4
{[%clk 1:32:14]} Nf6 {[%clk 1:31:53]} 5. Nc3 {[%clk 1:32:40]} a6 {[%clk 1:32:12]}
6. Be2 {[%clk 1:33:05]} e6 {[%clk 1:32:34]} 7. f4 {[%clk 1:33:11]} Be7
{[%clk 1:32:45]} 8. O-O {[%clk 1:33:33]} O-O {[%clk 1:33:04]} 9. Qe1
{[%clk 1:33:28]} Nc6 {[%clk 1:31:31]} 10. Be3 {[%clk 1:33:53]} Nxd4
{[%clk 1:31:42]} 11. Bxd4 {[%clk 1:34:18]} b5 {[%clk 1:32:04]} 12. a3
{[%clk 1:34:43]} Bb7 {[%clk 1:32:27]} 13. Qg3 {[%clk 1:35:08]} g6
{[%clk 1:32:44]} 14. Qe3 {[%clk 1:35:22]} Nd7 {[%clk 1:28:45]} 15. Rad1
{[%clk 1:31:56]} Qc7 {[%clk 1:28:43]} 16. e5 {[%clk 1:31:37]} dxe5
{[%clk 1:22:43]} 17. fxe5 {[%clk 1:31:58]} Bc5 {[%clk 1:22:45]} 18. Bxc5
{[%clk 1:29:21]} Qxc5 {[%clk 1:22:07]} 19. Qxc5 {[%clk 1:28:23]} Nxc5
{[%clk 1:22:35]} 20. Rd6 {[%clk 1:02:56]} Rfd8 {[%clk 1:07:23]} 21. Rfd1
{[%clk 1:00:26]} Rxd6 {[%clk 1:07:11]} 22. Rxd6 {[%clk 1:00:32]} Rc8
{[%clk 1:07:21]} 23. Bf3 {[%clk 0:45:01]} Bxf3 {[%clk 1:06:57]} 24. gxf3
{[%clk 0:45:29]} g5 {[%clk 1:05:10]} 25. Kf2 {[%clk 0:44:40]} Na4
{[%clk 1:02:31]} 26. Nxa4 {[%clk 0:43:34]} Rxc2+ {[%clk 1:02:51]} 27. Kg3
{[%clk 0:43:59]} bxa4 {[%clk 1:03:16]} 28. Rxa6 {[%clk 0:44:21]} Rxb2
{[%clk 1:01:51]} 29. Rxa4 {[%clk 0:44:48]} Kg7 {[%clk 0:56:29]} 30. h4
{[%clk 0:40:34]} h6 {[%clk 0:51:07]} 31. h5 {[%clk 0:35:54]} Re2 {[%clk 0:43:27]}
32. Ra5 {[%clk 0:36:10]} Re1 {[%clk 0:43:17]} 33. Kg2 {[%clk 0:34:18]} Rc1
{[%clk 0:37:10]} 34. Rb5 {[%clk 0:31:46]} Ra1 {[%clk 0:19:15]} 35. Ra5
{[%clk 0:31:58]} Re1 {[%clk 0:19:29]} 36. Rb5 {[%clk 0:31:25]} Ra1
{[%clk 0:14:26]} 37. Ra5 {[%clk 0:31:51]} Rb1 {[%clk 0:14:37]} 38. Ra4
{[%clk 0:31:33]} Re1 1/2-1/2

[Event "Hoogeveen Open 2016"]
[Site "Hoogeveen"]
[Date "2016.10.16"]
[Round "2.3"]
[White "Lalith Babu M R"]
[Black "Colijn, Stefan"]
[Result "1-0"]
[BlackElo "2293"]
[WhiteElo "2586"]
[LiveChessVersion "1.4.8"]

1. Nf3 {[%clk 1:30:51]} Nf6 {[%clk 1:28:01]} 2. c4 {[%clk 1:31:14]} e6
{[%clk 1:28:08]} 3. d4 {[%clk 1:31:25]} c5 {[%clk 1:28:08]} 4. Nc3
{[%clk 1:31:39]} cxd4 {[%clk 1:28:17]} 5. Nxd4 {[%clk 1:32:05]} Bb4
{[%clk 1:28:17]} 6. g3 {[%clk 1:31:39]} Ne4 {[%clk 1:27:02]} 7. Qc2
{[%clk 1:26:19]} Qa5 {[%clk 1:25:04]} 8. Bg2 {[%clk 1:26:45]} Nxc3
{[%clk 1:25:28]} 9. O-O {[%clk 1:27:12]} Nc6 {[%clk 1:25:44]} 10. bxc3
{[%clk 1:27:37]} Bxc3 {[%clk 1:26:05]} 11. Nb3 {[%clk 1:28:04]} Nd4
{[%clk 1:26:19]} 12. Nxd4 {[%clk 1:28:30]} Bxd4 {[%clk 1:26:45]} 13. Rb1
{[%clk 1:28:56]} O-O {[%clk 1:20:08]} 14. Rd1 {[%clk 1:29:13]} Bf6
{[%clk 1:18:54]} 15. Bf4 {[%clk 1:29:02]} Re8 {[%clk 1:08:59]} 16. Rb5
{[%clk 1:27:42]} Qa6 {[%clk 0:55:55]} 17. Rd6 {[%clk 1:23:42]} Qa3
{[%clk 0:56:02]} 18. c5 {[%clk 1:14:51]} Qc3 {[%clk 0:31:26]} 19. Qxc3
{[%clk 1:12:18]} Bxc3 {[%clk 0:29:47]} 20. Rb3 {[%clk 1:06:31]} Bf6
{[%clk 0:29:12]} 21. Bxb7 {[%clk 1:06:55]} Rb8 {[%clk 0:10:03]} 22. Rxe6
{[%clk 1:06:23]} fxe6 {[%clk 0:01:45]} 23. Bxb8 {[%clk 1:06:09]} a5
{[%clk 0:00:51]} 24. Bd6 {[%clk 1:05:40]} a4 {[%clk 0:00:34]} 25. Rb5
{[%clk 1:05:23]} a3 {[%clk 0:00:49]} 26. e3 {[%clk 1:05:03]} Bb2 {[%clk 0:01:00]}
27. Bxc8 {[%clk 1:05:20]} Rxc8 {[%clk 0:01:25]} 28. Rb7 {[%clk 1:05:44]} Rd8
{[%clk 0:00:32]} 29. Be7 {[%clk 1:06:08]} Rc8 {[%clk 0:00:34]} 30. Rxd7
{[%clk 1:06:31]} Kf7 {[%clk 0:00:32]} 31. Bd6+ {[%clk 1:06:35]} Kf6
{[%clk 0:01:01]} 32. Kf1 {[%clk 1:06:43]} Be5 {[%clk 0:01:14]} 33. Bxe5+
{[%clk 1:06:58]} Kxe5 {[%clk 0:01:43]} 34. Rxg7 {[%clk 1:07:21]} Ke4
{[%clk 0:01:37]} 35. Rg4+ {[%clk 1:07:39]} Kd3 {[%clk 0:01:55]} 36. Ra4
{[%clk 1:08:03]} Rxc5 {[%clk 0:01:13]} 37. Rxa3+ {[%clk 1:08:28]} Kd2
{[%clk 0:01:42]} 38. Ra7 {[%clk 1:08:32]} Rc1+ {[%clk 0:01:50]} 39. Kg2
{[%clk 1:08:57]} Ke1 {[%clk 0:01:57]} 40. Rxh7 {[%clk 1:09:16]} 1-0

[Event "Hoogeveen Open 2016"]
[Site "Hoogeveen"]
[Date "2016.10.16"]
[Round "2.4"]
[White "Van Osch, Mees"]
[Black "Werle, Jan"]
[Result "0-1"]
[BlackElo "2555"]
[WhiteElo "2288"]
[LiveChessVersion "1.4.8"]

1. e4 {[%clk 1:30:58]} e6 {[%clk 1:28:55]} 2. d4 {[%clk 1:31:23]} d5
{[%clk 1:29:23]} 3. Bd3 {[%clk 1:31:50]} c5 {[%clk 1:25:58]} 4. exd5
{[%clk 1:32:02]} exd5 {[%clk 1:25:43]} 5. Nf3 {[%clk 1:32:13]} c4
{[%clk 1:24:40]} 6. Be2 {[%clk 1:32:37]} Nf6 {[%clk 1:24:15]} 7. b3
{[%clk 1:33:03]} cxb3 {[%clk 1:24:25]} 8. axb3 {[%clk 1:33:29]} Be7
{[%clk 1:21:01]} 9. O-O {[%clk 1:33:38]} O-O {[%clk 1:20:43]} 10. c4
{[%clk 1:33:30]} Nc6 {[%clk 1:18:38]} 11. Nc3 {[%clk 1:33:55]} Bf5
{[%clk 1:17:14]} 12. Bg5 {[%clk 1:26:29]} Ne4 {[%clk 1:09:19]} 13. Bxe7
{[%clk 1:21:24]} Nxe7 {[%clk 1:07:46]} 14. Nxe4 {[%clk 1:21:47]} Bxe4
{[%clk 1:07:18]} 15. Ne5 {[%clk 1:19:42]} f6 {[%clk 1:02:13]} 16. Nd3
{[%clk 1:19:14]} b6 {[%clk 0:59:50]} 17. Nf4 {[%clk 1:05:31]} Qd6
{[%clk 0:59:05]} 18. Qd2 {[%clk 1:04:53]} g5 {[%clk 0:53:38]} 19. f3
{[%clk 0:46:58]} Bf5 {[%clk 0:44:50]} 20. Nxd5 {[%clk 0:45:05]} Nxd5
{[%clk 0:45:14]} 21. cxd5 {[%clk 0:45:28]} a5 {[%clk 0:43:52]} 22. f4
{[%clk 0:42:24]} g4 {[%clk 0:42:53]} 23. Rac1 {[%clk 0:33:37]} Rac8
{[%clk 0:41:00]} 24. Ba6 {[%clk 0:21:49]} Rxc1 {[%clk 0:38:00]} 25. Rxc1
{[%clk 0:22:11]} Bd7 {[%clk 0:37:35]} 26. Bb7 {[%clk 0:22:18]} Re8
{[%clk 0:35:14]} 27. g3 {[%clk 0:11:55]} Bf5 {[%clk 0:22:13]} 28. Rc6
{[%clk 0:01:45]} Qa3 {[%clk 0:18:33]} 29. d6 {[%clk 0:02:10]} Qxb3
{[%clk 0:16:56]} 30. Ba6 {[%clk 0:02:02]} b5 {[%clk 0:14:14]} 31. Rc5
{[%clk 0:02:27]} Bd7 {[%clk 0:14:17]} 32. Bb7 {[%clk 0:02:46]} Kh8
{[%clk 0:13:18]} 33. Rc7 {[%clk 0:02:50]} Qe6 {[%clk 0:12:08]} 34. Qxa5
{[%clk 0:00:47]} Qe3+ {[%clk 0:11:31]} 35. Kh1 {[%clk 0:00:43]} Bc6+
{[%clk 0:10:42]} 36. Rxc6 {[%clk 0:00:41]} Qf3+ {[%clk 0:10:57]} 37. Kg1
{[%clk 0:01:10]} Qd1+ {[%clk 0:11:08]} 38. Kf2 {[%clk 0:01:25]} Re2#
{[%clk 0:11:30]} 0-1

[Event "Hoogeveen Open 2016"]
[Site "Hoogeveen"]
[Date "2016.10.16"]
[Round "2.5"]
[White "Shyam, Sundar M."]
[Black "Strating, Sybolt"]
[Result "1-0"]
[BlackElo "2276"]
[WhiteElo "2552"]
[LiveChessVersion "1.4.8"]

1. e4 {[%clk 1:30:52]} c6 {[%clk 1:30:53]} 2. d4 {[%clk 1:31:16]} d5
{[%clk 1:31:17]} 3. exd5 {[%clk 1:31:44]} cxd5 {[%clk 1:31:37]} 4. c4
{[%clk 1:32:08]} Nf6 {[%clk 1:31:40]} 5. Nc3 {[%clk 1:32:33]} e6 {[%clk 1:31:56]}
6. Nf3 {[%clk 1:32:55]} Bb4 {[%clk 1:31:59]} 7. cxd5 {[%clk 1:33:14]} Nxd5
{[%clk 1:32:14]} 8. Bd2 {[%clk 1:33:32]} Nc6 {[%clk 1:31:56]} 9. Bd3
{[%clk 1:33:58]} O-O {[%clk 1:31:55]} 10. O-O {[%clk 1:34:21]} Be7
{[%clk 1:31:54]} 11. a3 {[%clk 1:34:33]} Bf6 {[%clk 1:31:50]} 12. Be3
{[%clk 1:34:58]} Nxc3 {[%clk 1:19:02]} 13. bxc3 {[%clk 1:35:23]} g6
{[%clk 1:19:14]} 14. Be4 {[%clk 1:26:48]} Qc7 {[%clk 1:09:32]} 15. h4
{[%clk 1:21:14]} Qa5 {[%clk 1:03:47]} 16. Qb3 {[%clk 1:16:15]} Rd8
{[%clk 0:58:58]} 17. Bg5 {[%clk 1:11:19]} Bxg5 {[%clk 0:54:01]} 18. hxg5
{[%clk 1:11:03]} Bd7 {[%clk 0:54:16]} 19. c4 {[%clk 1:11:14]} Rac8
{[%clk 0:45:38]} 20. Qe3 {[%clk 1:02:42]} Ne7 {[%clk 0:34:50]} 21. Ne5
{[%clk 1:00:28]} Bc6 {[%clk 0:30:50]} 22. Qf4 {[%clk 0:57:10]} Nf5
{[%clk 0:27:14]} 23. d5 {[%clk 0:56:36]} Ba4 {[%clk 0:22:19]} 24. Rac1
{[%clk 0:48:36]} Qc5 {[%clk 0:17:59]} 25. Rfe1 {[%clk 0:41:49]} Be8
{[%clk 0:11:40]} 26. Ng4 {[%clk 0:39:26]} Qd6 {[%clk 0:04:41]} 27. Qf3
{[%clk 0:38:19]} Qf8 {[%clk 0:03:01]} 28. Bxf5 {[%clk 0:35:59]} gxf5
{[%clk 0:02:06]} 29. Nf6+ {[%clk 0:35:17]} Kh8 {[%clk 0:02:30]} 30. Nh5
{[%clk 0:34:30]} f6 {[%clk 0:01:10]} 31. Nxf6 {[%clk 0:31:34]} Qg7
{[%clk 0:00:57]} 32. Qf4 {[%clk 0:27:04]} exd5 {[%clk 0:01:06]} 33. cxd5
{[%clk 0:27:32]} Bg6 {[%clk 0:00:38]} 34. Rxc8 {[%clk 0:27:56]} Rxc8
{[%clk 0:01:07]} 35. d6 {[%clk 0:28:04]} Qf7 {[%clk 0:00:45]} 36. d7
{[%clk 0:28:15]} Rd8 {[%clk 0:00:54]} 37. Re8+ {[%clk 0:28:38]} 1-0

[Event "Hoogeveen Open 2016"]
[Site "Hoogeveen"]
[Date "2016.10.16"]
[Round "2.6"]
[White "Buckels, Valentin"]
[Black "Ernst, Sipke"]
[Result "1/2-1/2"]
[BlackElo "2540"]
[WhiteElo "2273"]
[LiveChessVersion "1.4.8"]

1. Nf3 {[%clk 1:30:57]} Nf6 {[%clk 1:29:13]} 2. c4 {[%clk 1:30:46]} g6
{[%clk 1:29:39]} 3. g3 {[%clk 1:30:45]} Bg7 {[%clk 1:30:04]} 4. d4
{[%clk 1:30:04]} d6 {[%clk 1:29:36]} 5. Bg2 {[%clk 1:30:21]} O-O {[%clk 1:30:01]}
6. O-O {[%clk 1:30:48]} Bf5 {[%clk 1:30:27]} 7. Nc3 {[%clk 1:28:33]} Ne4
{[%clk 1:29:37]} 8. Ne1 {[%clk 1:22:43]} Nxc3 {[%clk 1:29:23]} 9. bxc3
{[%clk 1:23:05]} c6 {[%clk 1:15:04]} 10. Nd3 {[%clk 1:14:43]} Qa5
{[%clk 1:07:45]} 11. Qb3 {[%clk 1:08:18]} Qa6 {[%clk 1:07:03]} 12. Nb4
{[%clk 0:54:47]} Qb6 {[%clk 1:03:59]} 13. e4 {[%clk 0:54:16]} Be6
{[%clk 1:01:37]} 14. Rb1 {[%clk 0:45:29]} Qa5 {[%clk 0:57:40]} 15. Nc2
{[%clk 0:41:16]} b6 {[%clk 0:36:50]} 16. Ne3 {[%clk 0:34:41]} Na6
{[%clk 0:34:15]} 17. f4 {[%clk 0:31:16]} Rab8 {[%clk 0:32:09]} 18. Qa3
{[%clk 0:23:09]} Qxa3 {[%clk 0:27:58]} 19. Bxa3 {[%clk 0:23:38]} Rfc8
{[%clk 0:25:24]} 20. f5 {[%clk 0:18:18]} Bd7 {[%clk 0:25:02]} 21. f6
{[%clk 0:12:59]} Bf8 {[%clk 0:19:19]} 22. fxe7 {[%clk 0:08:37]} Bxe7
{[%clk 0:19:35]} 23. h4 {[%clk 0:07:49]} Re8 {[%clk 0:11:46]} 24. Kh2
{[%clk 0:07:30]} Bf8 {[%clk 0:10:49]} 25. g4 {[%clk 0:05:24]} Nc7
{[%clk 0:09:57]} 26. Rb2 {[%clk 0:04:47]} Be7 {[%clk 0:04:59]} 27. Rbf2
{[%clk 0:03:43]} c5 {[%clk 0:03:01]} 28. g5 {[%clk 0:02:41]} Rf8 {[%clk 0:02:32]}
29. Nd5 {[%clk 0:02:08]} Nxd5 {[%clk 0:02:34]} 30. cxd5 {[%clk 0:02:37]} Bb5
{[%clk 0:01:17]} 31. Rb1 {[%clk 0:02:41]} Bd3 {[%clk 0:01:30]} 32. Rd1
{[%clk 0:03:01]} Ba6 {[%clk 0:01:33]} 33. e5 {[%clk 0:02:50]} Rbe8
{[%clk 0:01:09]} 34. Rf4 {[%clk 0:01:22]} Kg7 {[%clk 0:00:43]} 35. Bc1
{[%clk 0:00:45]} Rc8 {[%clk 0:00:39]} 36. Rf2 {[%clk 0:00:34]} cxd4
{[%clk 0:00:52]} 37. cxd4 {[%clk 0:00:49]} Bc4 {[%clk 0:01:09]} 38. Ba3
{[%clk 0:00:34]} Rfd8 {[%clk 0:01:22]} 39. Rdd2 {[%clk 0:00:40]} Rc7
{[%clk 0:01:36]} 40. Rf4 {[%clk 0:00:32]} Bf8 {[%clk 0:00:34]} 41. Rf6
{[%clk 0:25:54]} Kg8 {[%clk 0:26:10]} 42. Rdf2 {[%clk 0:11:21]} dxe5
{[%clk 0:24:44]} 43. Bxf8 {[%clk 0:11:26]} Kxf8 {[%clk 0:20:43]} 44. d6
{[%clk 0:10:45]} Rcc8 {[%clk 0:19:17]} 45. Bh3 {[%clk 0:04:37]} e4
{[%clk 0:07:18]} 46. Bxc8 {[%clk 0:01:36]} Rxc8 {[%clk 0:07:15]} 47. R2f4
{[%clk 0:01:05]} Re8 {[%clk 0:04:55]} 48. d7 {[%clk 0:00:55]} Rd8
{[%clk 0:05:23]} 49. Rxe4 {[%clk 0:01:11]} Rxd7 {[%clk 0:05:47]} 50. a3
{[%clk 0:01:28]} Kg7 {[%clk 0:05:06]} 51. Kg3 {[%clk 0:01:39]} h6
{[%clk 0:05:33]} 52. Kf4 {[%clk 0:01:33]} Bd3 {[%clk 0:05:05]} 53. Re3
{[%clk 0:00:38]} hxg5+ {[%clk 0:03:59]} 54. hxg5 {[%clk 0:00:39]} Rxd4+
{[%clk 0:04:16]} 55. Kf3 {[%clk 0:00:44]} Bc4 {[%clk 0:03:07]} 56. Rf4
{[%clk 0:00:44]} Bd5+ {[%clk 0:03:30]} 57. Kg3 {[%clk 0:00:35]} Rd1
{[%clk 0:03:54]} 58. Kf2 {[%clk 0:00:41]} Be6 {[%clk 0:03:57]} 59. Ra4
{[%clk 0:00:37]} Rd5 {[%clk 0:03:26]} 60. Rxa7 {[%clk 0:00:47]} Rf5+
{[%clk 0:03:46]} 61. Ke1 {[%clk 0:01:05]} Bc4 {[%clk 0:04:02]} 62. Rg3
{[%clk 0:01:11]} b5 {[%clk 0:04:24]} 63. Kd2 {[%clk 0:01:35]} Rf4
{[%clk 0:03:51]} 64. Kc3 {[%clk 0:01:55]} Bd5 {[%clk 0:04:06]} 65. Kb2
{[%clk 0:01:52]} b4 {[%clk 0:04:14]} 66. axb4 {[%clk 0:01:57]} Rxb4+
{[%clk 0:04:42]} 67. Kc2 {[%clk 0:02:09]} Be6 {[%clk 0:04:52]} 68. Kd2
{[%clk 0:02:29]} Rb2+ {[%clk 0:04:49]} 69. Ke3 {[%clk 0:02:44]} Rb4
{[%clk 0:05:09]} 70. Kf2 {[%clk 0:02:37]} Rb2+ {[%clk 0:05:34]} 71. Ke3
{[%clk 0:02:47]} Rb4 {[%clk 0:06:01]} 72. Kf2 {[%clk 0:03:13]} Rb2+
{[%clk 0:06:28]} 1/2-1/2

[Event "Hoogeveen Open 2016"]
[Site "Hoogeveen"]
[Date "2016.10.16"]
[Round "2.7"]
[White "Debashis, Das"]
[Black "Vrolijk, Liam"]
[Result "0-1"]
[BlackElo "2265"]
[WhiteElo "2478"]
[LiveChessVersion "1.4.8"]

1. d4 {[%clk 1:30:24]} Nf6 {[%clk 1:30:49]} 2. c4 {[%clk 1:30:49]} g6
{[%clk 1:31:15]} 3. Nc3 {[%clk 1:31:12]} Bg7 {[%clk 1:31:39]} 4. e4
{[%clk 1:31:36]} d6 {[%clk 1:32:05]} 5. Be2 {[%clk 1:32:00]} O-O {[%clk 1:32:11]}
6. Be3 {[%clk 1:32:26]} e5 {[%clk 1:25:24]} 7. d5 {[%clk 1:32:43]} c6
{[%clk 1:25:09]} 8. Nf3 {[%clk 1:32:56]} cxd5 {[%clk 1:20:05]} 9. cxd5
{[%clk 1:32:52]} Ng4 {[%clk 1:14:33]} 10. Bg5 {[%clk 1:26:33]} f6
{[%clk 1:14:29]} 11. Bd2 {[%clk 1:20:21]} Na6 {[%clk 1:11:07]} 12. O-O
{[%clk 1:19:00]} f5 {[%clk 1:00:34]} 13. Rc1 {[%clk 1:16:11]} Nc5
{[%clk 0:54:55]} 14. exf5 {[%clk 1:04:43]} Bxf5 {[%clk 0:49:25]} 15. b4
{[%clk 0:54:09]} Na6 {[%clk 0:44:55]} 16. h3 {[%clk 0:47:48]} Nf6
{[%clk 0:44:01]} 17. Qb3 {[%clk 0:46:42]} Qe7 {[%clk 0:38:18]} 18. Rfe1
{[%clk 0:44:27]} Nc7 {[%clk 0:36:28]} 19. Bf1 {[%clk 0:39:04]} Rae8
{[%clk 0:32:11]} 20. Nxe5 {[%clk 0:37:23]} dxe5 {[%clk 0:30:38]} 21. d6+
{[%clk 0:37:46]} Qf7 {[%clk 0:31:01]} 22. dxc7 {[%clk 0:22:14]} Be6
{[%clk 0:31:04]} 23. Qa3 {[%clk 0:20:27]} Qxc7 {[%clk 0:28:00]} 24. Qxa7
{[%clk 0:18:57]} Qf7 {[%clk 0:19:25]} 25. Be3 {[%clk 0:18:01]} Ra8
{[%clk 0:18:49]} 26. Qb6 {[%clk 0:18:24]} Rfc8 {[%clk 0:16:43]} 27. Red1
{[%clk 0:16:18]} Rc6 {[%clk 0:15:14]} 28. Rd8+ {[%clk 0:15:17]} Rxd8
{[%clk 0:15:32]} 29. Qxd8+ {[%clk 0:15:37]} Bf8 {[%clk 0:15:24]} 30. a4
{[%clk 0:12:57]} Kg7 {[%clk 0:13:01]} 31. b5 {[%clk 0:05:38]} Rc8
{[%clk 0:13:09]} 32. Qa5 {[%clk 0:05:26]} Ba3 {[%clk 0:11:43]} 33. Rd1
{[%clk 0:03:30]} Bb3 {[%clk 0:07:54]} 34. Re1 {[%clk 0:02:29]} Qe7
{[%clk 0:07:37]} 35. Bd4 {[%clk 0:00:40]} Qb4 {[%clk 0:06:02]} 36. Qxb4
{[%clk 0:00:32]} Bxb4 {[%clk 0:06:25]} 37. Bxe5 {[%clk 0:00:43]} Bxc3
{[%clk 0:05:35]} 38. Rc1 {[%clk 0:01:01]} Bxe5 {[%clk 0:05:33]} 39. Rxc8
{[%clk 0:01:25]} Bxa4 {[%clk 0:04:59]} 40. Bc4 {[%clk 0:00:37]} Bc2
{[%clk 0:03:23]} 41. g4 {[%clk 0:24:08]} g5 {[%clk 0:29:44]} 42. h4
{[%clk 0:22:05]} h6 {[%clk 0:28:15]} 43. hxg5 {[%clk 0:20:47]} hxg5
{[%clk 0:28:28]} 44. Bd5 {[%clk 0:18:27]} Nxd5 {[%clk 0:27:33]} 45. Rxc2
{[%clk 0:18:55]} Kf6 {[%clk 0:25:38]} 46. Kg2 {[%clk 0:18:49]} Nc3
{[%clk 0:23:05]} 47. b6 {[%clk 0:15:50]} Nd5 {[%clk 0:23:03]} 48. Rc5
{[%clk 0:15:55]} Ke6 {[%clk 0:20:20]} 49. Kf3 {[%clk 0:11:59]} Bd6
{[%clk 0:20:14]} 50. Rb5 {[%clk 0:12:07]} Bb4 0-1

[Event "Hoogeveen Open 2016"]
[Site "Hoogeveen"]
[Date "2016.10.16"]
[Round "2.8"]
[White "Bunyatov, Rustam"]
[Black "Rathnakaran, K."]
[Result "0-1"]
[BlackElo "2469"]
[WhiteElo "2249"]
[LiveChessVersion "1.4.8"]

1. e4 {[%clk 1:24:04]} c5 {[%clk 1:30:54]} 2. Nf3 {[%clk 1:24:30]} Nc6
{[%clk 1:31:18]} 3. Bb5 {[%clk 1:24:51]} d6 {[%clk 1:30:57]} 4. Bxc6+
{[%clk 1:24:29]} bxc6 {[%clk 1:31:17]} 5. e5 {[%clk 1:24:27]} d5 {[%clk 1:28:06]}
6. h3 {[%clk 1:23:33]} e6 {[%clk 1:27:29]} 7. O-O {[%clk 1:23:13]} g5
{[%clk 1:26:06]} 8. d4 {[%clk 1:15:22]} h6 {[%clk 1:26:29]} 9. c3
{[%clk 1:10:25]} Bd7 {[%clk 1:22:26]} 10. b3 {[%clk 1:08:32]} cxd4
{[%clk 1:20:05]} 11. cxd4 {[%clk 1:08:52]} Ne7 {[%clk 1:20:12]} 12. Ba3
{[%clk 1:08:26]} Nf5 {[%clk 1:20:30]} 13. Bxf8 {[%clk 1:07:25]} Kxf8
{[%clk 1:20:55]} 14. Qc1 {[%clk 0:53:53]} Rg8 {[%clk 1:18:40]} 15. g4 Ne7
{[%clk 1:18:59]} 16. Nc3 {[%clk 0:49:27]} Ng6 {[%clk 1:19:20]} 17. Ne2
{[%clk 0:49:28]} Kg7 {[%clk 1:16:40]} 18. Qe3 {[%clk 0:46:03]} Rf8
{[%clk 1:14:21]} 19. Ne1 {[%clk 0:42:27]} c5 {[%clk 1:12:12]} 20. Nd3
{[%clk 0:37:20]} cxd4 {[%clk 1:09:54]} 21. Nxd4 {[%clk 0:37:28]} Qb6
{[%clk 1:07:53]} 22. a4 {[%clk 0:35:23]} Rac8 {[%clk 1:08:17]} 23. Rfc1
{[%clk 0:34:32]} Kh7 {[%clk 1:04:06]} 24. Rxc8 {[%clk 0:24:56]} Rxc8
{[%clk 1:02:23]} 25. Rc1 {[%clk 0:25:09]} Rxc1+ {[%clk 0:59:01]} 26. Nxc1
{[%clk 0:25:32]} Qc7 {[%clk 0:59:22]} 27. Nd3 {[%clk 0:19:57]} Qc3
{[%clk 0:58:49]} 28. Kh2 {[%clk 0:19:40]} a5 {[%clk 0:55:12]} 29. Kg1
{[%clk 0:11:27]} Kg8 {[%clk 0:52:50]} 30. Kh2 {[%clk 0:09:46]} Bc8
{[%clk 0:47:06]} 31. Nb5 {[%clk 0:08:31]} Qxb3 {[%clk 0:47:21]} 32. Nd6
{[%clk 0:07:30]} Bd7 {[%clk 0:44:33]} 33. Qa7 {[%clk 0:03:13]} Qxd3
{[%clk 0:41:09]} 34. Qxd7 {[%clk 0:03:38]} Nxe5 {[%clk 0:41:15]} 35. Qd8+
{[%clk 0:02:33]} Kh7 {[%clk 0:41:19]} 36. Qf6 {[%clk 0:02:29]} Qd4
{[%clk 0:32:15]} 37. Kg3 {[%clk 0:00:56]} Qf4+ {[%clk 0:29:53]} 38. Qxf4
{[%clk 0:01:17]} gxf4+ {[%clk 0:30:20]} 39. Kxf4 {[%clk 0:01:43]} f6
{[%clk 0:30:41]} 40. Nb7 {[%clk 0:01:09]} Nc6 {[%clk 0:23:35]} 41. Nc5
{[%clk 0:30:01]} Nd8 {[%clk 0:53:42]} 42. Nb3 {[%clk 0:26:08]} Nb7
{[%clk 0:52:32]} 43. Ke3 {[%clk 0:24:47]} e5 {[%clk 0:51:29]} 44. f4
{[%clk 0:24:33]} Kg6 {[%clk 0:51:08]} 45. h4 {[%clk 0:23:41]} Kf7
{[%clk 0:50:42]} 46. g5 {[%clk 0:22:29]} hxg5 {[%clk 0:45:48]} 47. hxg5
{[%clk 0:22:48]} fxg5 {[%clk 0:45:40]} 48. fxe5 {[%clk 0:21:41]} Ke6
{[%clk 0:36:55]} 49. Nd4+ {[%clk 0:21:07]} Kxe5 {[%clk 0:33:03]} 50. Nf3+
{[%clk 0:21:32]} Kd6 {[%clk 0:31:20]} 51. Nxg5 {[%clk 0:21:37]} Kc5
{[%clk 0:30:35]} 52. Ne6+ {[%clk 0:16:47]} Kc4 {[%clk 0:30:15]} 53. Nd4
{[%clk 0:15:45]} Nc5 {[%clk 0:27:29]} 54. Nb5 {[%clk 0:10:59]} Nxa4
{[%clk 0:24:17]} 55. Nd6+ {[%clk 0:11:24]} Kc3 {[%clk 0:24:11]} 56. Nb5+
{[%clk 0:11:35]} Kb4 {[%clk 0:24:19]} 57. Nc7 {[%clk 0:11:00]} Nc3
{[%clk 0:24:09]} 58. Kd3 {[%clk 0:10:42]} a4 {[%clk 0:19:08]} 59. Kc2
{[%clk 0:09:33]} a3 {[%clk 0:18:32]} 60. Ne6 {[%clk 0:08:26]} Ne2
{[%clk 0:16:18]} 61. Ng5 {[%clk 0:07:34]} Nd4+ {[%clk 0:15:57]} 0-1

[Event "Hoogeveen Open 2016"]
[Site "Hoogeveen"]
[Date "2016.10.16"]
[Round "2.9"]
[White "Ten Hertog, Hugo"]
[Black "Rakesh Kumar Jena"]
[Result "1/2-1/2"]
[BlackElo "2247"]
[WhiteElo "2468"]
[LiveChessVersion "1.4.8"]

1. g3 {[%clk 1:23:46]} Nf6 {[%clk 1:30:48]} 2. Bg2 {[%clk 1:24:01]} d5
{[%clk 1:30:51]} 3. d3 {[%clk 1:24:09]} c5 {[%clk 1:30:57]} 4. Nf3
{[%clk 1:22:34]} Nc6 {[%clk 1:31:19]} 5. O-O {[%clk 1:23:00]} e5 {[%clk 1:31:40]}
6. c3 {[%clk 1:18:28]} Be7 {[%clk 1:31:25]} 7. a3 {[%clk 1:18:04]} a5
{[%clk 1:28:48]} 8. a4 {[%clk 1:18:19]} O-O {[%clk 1:29:10]} 9. Bg5
{[%clk 1:18:14]} h6 {[%clk 1:27:57]} 10. Bxf6 {[%clk 1:18:21]} Bxf6
{[%clk 1:28:18]} 11. Nfd2 {[%clk 1:18:04]} Be6 {[%clk 1:27:11]} 12. Na3
{[%clk 1:16:33]} Qd7 {[%clk 1:25:26]} 13. Qc2 {[%clk 1:12:22]} Be7
{[%clk 1:21:59]} 14. e4 {[%clk 1:07:56]} Rad8 {[%clk 1:21:51]} 15. Rad1
{[%clk 1:05:28]} f5 {[%clk 1:16:21]} 16. exd5 {[%clk 0:56:47]} Bxd5
{[%clk 1:16:49]} 17. Bxd5+ {[%clk 0:51:46]} Qxd5 {[%clk 1:17:11]} 18. Qb3
{[%clk 0:51:17]} Bg5 {[%clk 0:48:15]} 19. Qxd5+ {[%clk 0:44:49]} Rxd5
{[%clk 0:48:43]} 20. Ndc4 {[%clk 0:45:01]} Rfd8 {[%clk 0:44:13]} 21. h4
{[%clk 0:44:50]} Bf6 {[%clk 0:44:10]} 22. Ne3 {[%clk 0:44:58]} R5d7
{[%clk 0:42:35]} 23. Nxf5 {[%clk 0:39:45]} e4 {[%clk 0:42:59]} 24. Nc4
{[%clk 0:39:02]} exd3 {[%clk 0:43:10]} 25. Rfe1 {[%clk 0:36:07]} h5
{[%clk 0:30:27]} 26. Re6 {[%clk 0:13:47]} Kf7 {[%clk 0:30:46]} 27. Rd6
{[%clk 0:12:08]} Ne5 {[%clk 0:31:09]} 28. Nxe5+ {[%clk 0:06:58]} Bxe5
{[%clk 0:31:34]} 29. Rb6 {[%clk 0:07:08]} Re8 {[%clk 0:06:25]} 30. Kg2
{[%clk 0:06:44]} Bc7 {[%clk 0:06:16]} 31. Rxb7 {[%clk 0:07:03]} Re2
{[%clk 0:06:41]} 32. Kf3 {[%clk 0:03:40]} Ke6 {[%clk 0:06:55]} 33. Rxd3
{[%clk 0:02:43]} Re5 {[%clk 0:07:20]} 34. Ne3 {[%clk 0:01:26]} Rxd3
{[%clk 0:07:30]} 35. Rxc7 {[%clk 0:01:53]} Rd2 {[%clk 0:07:01]} 36. Rb7
{[%clk 0:01:02]} g5 {[%clk 0:03:48]} 37. Rb6+ {[%clk 0:00:59]} Kd7
{[%clk 0:03:58]} 38. hxg5 {[%clk 0:01:07]} Rxg5 {[%clk 0:04:24]} 39. Ng2
{[%clk 0:00:38]} c4 {[%clk 0:02:22]} 40. Nf4 {[%clk 0:00:35]} Re5
{[%clk 0:02:36]} 41. Rh6 {[%clk 0:15:58]} Rxb2 {[%clk 0:32:41]} 42. Rh7+
{[%clk 0:14:49]} Kd6 {[%clk 0:32:50]} 43. Rh6+ {[%clk 0:15:13]} Kd7
{[%clk 0:33:15]} 44. Rh7+ {[%clk 0:15:32]} 1/2-1/2